000 00309nam a22001337a 4500
008 170731b xxu||||| |||| 00| 0 eng d
020 _a0677040105
041 _aeng
080 _a004
100 _a32
101 _aSHK
245 _aSTUDY AND COMPILATION OF COMPUTER LANGUAGES
_cWALLACH,Y
942 _2udc
_cBK
999 _c22164
_d22164